<?xml version="1.0" encoding="UTF-8"?>
<record
    xmlns:xsi="http://www.w3.org/2001/XMLSchema-instance"
    xsi:schemaLocation="http://www.loc.gov/MARC21/slim http://www.loc.gov/standards/marcxml/schema/MARC21slim.xsd"
    xmlns="http://www.loc.gov/MARC21/slim">

  <leader>01633    a2200277   4500</leader>
  <controlfield tag="003">NALT</controlfield>
  <controlfield tag="005">20241119160616.0</controlfield>
  <controlfield tag="008">240405b        th ||||| |||| 00| 0 tha d</controlfield>
  <datafield tag="020" ind1=" " ind2=" ">
    <subfield code="a">9789740218258</subfield>
  </datafield>
  <datafield tag="040" ind1=" " ind2=" ">
    <subfield code="a">NALT</subfield>
  </datafield>
  <datafield tag="041" ind1="1" ind2=" ">
    <subfield code="a">tha</subfield>
    <subfield code="h">kor</subfield>
  </datafield>
  <datafield tag="050" ind1=" " ind2=" ">
    <subfield code="a">BF 637.S4</subfield>
    <subfield code="b">&#xE04;451&#xE17; 2566</subfield>
  </datafield>
  <datafield tag="100" ind1="1" ind2=" ">
    <subfield code="a">&#xE04;&#xE34;&#xE21;, &#xE0B;&#xE31;&#xE07;-&#xE08;&#xE38;&#xE19;</subfield>
    <subfield code="9">63613</subfield>
  </datafield>
  <datafield tag="245" ind1="1" ind2="0">
    <subfield code="a">&#xE17;&#xE33;&#xE44;&#xE21;&#xE09;&#xE31;&#xE19;&#xE08;&#xE36;&#xE07;&#xE40;&#xE1B;&#xE47;&#xE19;&#xE17;&#xE38;&#xE01;&#xE02;&#xE4C; &#xE02;&#xE13;&#xE30;&#xE17;&#xE35;&#xE48;&#xE17;&#xE38;&#xE01;&#xE04;&#xE19;&#xE01;&#xE47;&#xE14;&#xE39;&#xE21;&#xE35;&#xE04;&#xE27;&#xE32;&#xE21;&#xE2A;&#xE38;&#xE02;&#xE01;&#xE31;&#xE19;&#xE14;&#xE35; /</subfield>
    <subfield code="c">&#xE04;&#xE34;&#xE21; &#xE0B;&#xE31;&#xE07;-&#xE08;&#xE38;&#xE19;, &#xE40;&#xE02;&#xE35;&#xE22;&#xE19; ; &#xE2A;&#xE34;&#xE23;&#xE34;&#xE20;&#xE23;&#xE13;&#xE4C; &#xE2A;&#xE07;&#xE27;&#xE19;&#xE2A;&#xE34;&#xE19;, &#xE41;&#xE1B;&#xE25;.</subfield>
  </datafield>
  <datafield tag="250" ind1=" " ind2=" ">
    <subfield code="a">&#xE1E;&#xE34;&#xE21;&#xE1E;&#xE4C;&#xE04;&#xE23;&#xE31;&#xE49;&#xE07;&#xE41;&#xE23;&#xE01;.</subfield>
  </datafield>
  <datafield tag="260" ind1=" " ind2=" ">
    <subfield code="a">&#xE01;&#xE23;&#xE38;&#xE07;&#xE40;&#xE17;&#xE1E;&#xE2F; : </subfield>
    <subfield code="b">Broccoli, </subfield>
    <subfield code="c">2566.</subfield>
  </datafield>
  <datafield tag="300" ind1=" " ind2=" ">
    <subfield code="a">309 &#xE2B;&#xE19;&#xE49;&#xE32; ;</subfield>
    <subfield code="c">18 &#xE0B;&#xE21;.</subfield>
  </datafield>
  <datafield tag="505" ind1="2" ind2=" ">
    <subfield code="a">&#xE21;&#xE32;&#xE25;&#xE2D;&#xE07;&#xE27;&#xE34;&#xE19;&#xE34;&#xE08;&#xE09;&#xE31;&#xE22;&#xE2B;&#xE31;&#xE27;&#xE43;&#xE08;&#xE17;&#xE35;&#xE48;&#xE41;&#xE2A;&#xE19;&#xE0B;&#xE31;&#xE1A;&#xE0B;&#xE49;&#xE2D;&#xE19;&#xE41;&#xE25;&#xE30;&#xE25;&#xE36;&#xE01;&#xE25;&#xE49;&#xE33;&#xE22;&#xE32;&#xE01;&#xE08;&#xE30;&#xE2B;&#xE22;&#xE31;&#xE48;&#xE07;&#xE16;&#xE36;&#xE07;&#xE02;&#xE2D;&#xE07;&#xE15;&#xE31;&#xE27;&#xE40;&#xE2D;&#xE07;&#xE01;&#xE31;&#xE19;&#xE40;&#xE16;&#xE2D;&#xE30; -- &#xE01;&#xE32;&#xE23;&#xE08;&#xE31;&#xE14;&#xE01;&#xE32;&#xE23;&#xE2B;&#xE31;&#xE27;&#xE43;&#xE08;&#xE43;&#xE19;&#xE27;&#xE31;&#xE19;&#xE17;&#xE35;&#xE48;&#xE17;&#xE38;&#xE01;&#xE2A;&#xE34;&#xE48;&#xE07;&#xE44;&#xE21;&#xE48;&#xE40;&#xE1B;&#xE47;&#xE19;&#xE14;&#xE31;&#xE48;&#xE07;&#xE43;&#xE08; &#xE17;&#xE32;&#xE07;&#xE2D;&#xE2D;&#xE01;&#xE02;&#xE2D;&#xE07;&#xE2B;&#xE31;&#xE27;&#xE43;&#xE08;&#xE40;&#xE1E;&#xE37;&#xE48;&#xE2D;&#xE08;&#xE31;&#xE14;&#xE01;&#xE32;&#xE23;&#xE04;&#xE27;&#xE32;&#xE21;&#xE23;&#xE39;&#xE49;&#xE2A;&#xE36;&#xE01;.</subfield>
  </datafield>
  <datafield tag="650" ind1=" " ind2="4">
    <subfield code="a">&#xE01;&#xE32;&#xE23;&#xE14;&#xE33;&#xE40;&#xE19;&#xE34;&#xE19;&#xE0A;&#xE35;&#xE27;&#xE34;&#xE15;</subfield>
    <subfield code="9">4418</subfield>
  </datafield>
  <datafield tag="650" ind1=" " ind2="4">
    <subfield code="a">&#xE08;&#xE34;&#xE15;&#xE27;&#xE34;&#xE17;&#xE22;&#xE32;&#xE1B;&#xE23;&#xE30;&#xE22;&#xE38;&#xE01;&#xE15;&#xE4C;</subfield>
    <subfield code="9">42091</subfield>
  </datafield>
  <datafield tag="700" ind1="1" ind2=" ">
    <subfield code="a">KIm, Sang-Jun</subfield>
    <subfield code="9">63615</subfield>
  </datafield>
  <datafield tag="700" ind1="0" ind2=" ">
    <subfield code="a">&#xE2A;&#xE34;&#xE23;&#xE34;&#xE20;&#xE23;&#xE13;&#xE4C; &#xE2A;&#xE07;&#xE27;&#xE19;&#xE2A;&#xE34;&#xE19; </subfield>
    <subfield code="9">63614</subfield>
  </datafield>
  <datafield tag="942" ind1=" " ind2=" ">
    <subfield code="2">lcc</subfield>
    <subfield code="c">GB</subfield>
  </datafield>
  <datafield tag="996" ind1=" " ind2=" ">
    <subfield code="a">saiphon.d</subfield>
    <subfield code="b">CATSTF	</subfield>
    <subfield code="c">2024-04-05</subfield>
  </datafield>
  <datafield tag="999" ind1=" " ind2=" ">
    <subfield code="c">104624</subfield>
    <subfield code="d">104624</subfield>
  </datafield>
  <datafield tag="998" ind1=" " ind2=" ">
    <subfield code="j">111</subfield>
    <subfield code="k"> &#xE19;&#xE32;&#xE07;&#xE2A;&#xE32;&#xE27;&#xE1E;&#xE08;&#xE1E;&#xE34;&#xE13;  &#xE1E;&#xE23;&#xE21;&#xE40;&#xE2D;&#xE35;&#xE48;&#xE22;&#xE21;</subfield>
  </datafield>
  <datafield tag="952" ind1=" " ind2=" ">
    <subfield code="0">0</subfield>
    <subfield code="1">0</subfield>
    <subfield code="2">lcc</subfield>
    <subfield code="4">0</subfield>
    <subfield code="7">0</subfield>
    <subfield code="8">CGBL</subfield>
    <subfield code="a">NALT</subfield>
    <subfield code="b">NALT</subfield>
    <subfield code="c">GEN</subfield>
    <subfield code="d">2024-02-16</subfield>
    <subfield code="e">20</subfield>
    <subfield code="l">5</subfield>
    <subfield code="m">3</subfield>
    <subfield code="o">BF 637.S4 &#xE04;451&#xE17; 2566</subfield>
    <subfield code="p">3961222345</subfield>
    <subfield code="r">2024-12-03 00:00:00</subfield>
    <subfield code="s">2024-11-19</subfield>
    <subfield code="w">2024-02-16</subfield>
    <subfield code="y">GB</subfield>
  </datafield>
</record>
